| 000 | 00446nam a2200157 a 4500 | ||
|---|---|---|---|
| 001 | 1164 | ||
| 003 | CDMR | ||
| 005 | 20130708120119.0 | ||
| 008 | 130130s2000||||||||||||||||||||||||||||d | ||
| 040 |
_aCDMR _bcat _cCPC GIRONA |
||
| 100 | 1 |
_aFont, Àngel _9911 |
|
| 245 | 1 | 0 |
_aEmpresaris de Catalunya _cÀngel Font _bPersonatges de Catalunya 7è volum |
| 260 | _c2000 | ||
| 500 | _aCorrespón al 7è volum de Personatges de Catalunya | ||
| 942 |
_cMON _2ddc |
||
| 999 |
_c1164 _d1164 |
||